[Event "VIE-chT"]
[Site "Ho Chi Minh City"]
[Date "2017.07.24"]
[Round "1.38"]
[White "Tran, Tri Trinh"]
[Black "Tran, Duy Tien Nam"]
[Result "1-0"]
[WhiteElo "2001"]
[BlackElo "2008"]
[PlyCount "59"]
[EventDate "2017.07.24"]
[EventType "team-swiss"]
[EventRounds "9"]
[EventCountry "VIE"]
[SourceTitle "EXT 2019"]
[Source "ChessBase"]
[SourceDate "2018.10.10"]
[SourceVersion "1"]
[SourceVersionDate "2018.10.10"]
[SourceQuality "1"]

1. e4 e6 2. d4 b6 3. Bd3 g6 4. Be3 Bg7 5. f4 f5 6. e5 Bb7 7. Nf3 d5 8. 0-0 Ne7 9. Nbd2 0-0 10. c3 a5 11. a4 Nbc6 12. Bb5 Qd7 13. Qe2 h6 14. h4 Kf7 15. h5 Rg8 16. Nh4 Bh8 17. hxg6+ Nxg6 18. Qh5 Qd8 19. Ndf3 Qf8 20. Bxc6 Bxc6 21. Nxg6 Qg7 22. Nfh4 Qxg6 23. Nxg6 Rxg6 24. Rf3 Rag8 25. Rg3 Be8 26. b4 Ke7 27. Qh4+ Kd7 28. bxa5 bxa5 29. Rb1 Kc8 30. Qe7 1-0